000 00743nam a22002297a 4500
003 OSt
005 20251023034323.0
008 251023b |||||||| |||| 00| 0 eng d
020 _a978-971-23-5683-4
040 _aDWC-Main Lib.
_cOC
082 _21st ed.
_aFil. 658.15 An534f 2010
100 _aALILING, LEONARDO E.
245 _aFundamentals of financial management (with industry-based perspective)/
_cALILING, LEONARDO E.
260 _aManila :
_bRex Book Store,Inc.,
_cc2010.
300 _axviii, 210 p. :
_c25 cm.
504 _aIndex: pp. 202-210
650 _a1. Financial management.
700 _aDACANAY, ROBERTO
700 _aANASTACIO, MA. FLORDELIZA
760 _b1st ed.
942 _2ddc
_cBK - FIL
_e1st ed.
_hFil.
_n0
999 _c5044
_d5044